Aspects of Indian music (Record no. 2049)

MARC details
000 -LEADER
fixed length control field 00585 a2200181 4500
010 ## - LIBRARY OF CONGRESS CONTROL NUMBER
LC control number ENG-85336
020 ## - INTERNATIONAL STANDARD BOOK NUMBER
International Standard Book Number 8123013779
Terms of availability 60.00
035 ## - SYSTEM CONTROL NUMBER
System control number EN-68869
037 ## - SOURCE OF ACQUISITION
Source of stock number/acquisition D.B.Act / ven
082 14 - DEWEY DECIMAL CLASSIFICATION NUMBER
Classification number 780.954
090 ## - LOCALLY ASSIGNED LC-TYPE CALL NUMBER (OCLC); LOCAL CALL NUMBER (OCLC)
-- 2086
-- 2086
245 1# - TITLE STATEMENT
Title Aspects of Indian music
Statement of responsibility, etc edited by Naveen Joshi
260 ## - PUBLICATION, DISTRIBUTION, ETC. (IMPRINT)
Place of publication, distribution, etc New Delhi
Name of publisher, distributor, etc Publication Division
Date of publication, distribution, etc 2006 (rep)
270 ## - ADDRESS
Address Soochna Bhawan, CGO complex, Lodhi Road
City 110 003
300 ## - PHYSICAL DESCRIPTION
Extent 99 p.
Dimensions 21 cm (Pbk.)
942 ## - ADDED ENTRY ELEMENTS (KOHA)
Institution code [OBSOLETE] dpl
Koha item type English Books
Call number prefix 780.954 / ASP
Holdings
Withdrawn status Lost status Source of classification or shelving scheme Damaged status Not for loan Collection code Home library Current library Source of acquisition Cost, normal purchase price Total Checkouts Full call number Barcode Date last seen Copy number Uniform Resource Identifier Cost, replacement price Price effective from Koha item type
    Dewey Decimal Classification   Not For Loan Non-fiction D.B.Act.Division D.B.Act.Division DBAD/PUB 60.00   780.954 ASP EN-68869 15/09/2008 1 2167 60.00 15/09/2008 English Books

© Delhi Public Library
Hit Counter
free hit counter